| 000 | 00589nam a2200217Ia 4500 | ||
|---|---|---|---|
| 008 | 170918s9999 xx 000 0 und d | ||
| 020 | _a9780545103794 | ||
| 050 | _bB877 2007 | ||
| 100 | _aBrown, Charlotte Lewis | ||
| 245 | _aBeyond the dinosaurs : | ||
| 245 | _bmonsters of the air and sea / | ||
| 245 | _cCharlotte Lewis Brown ; pictures by Phil Wilson. | ||
| 260 | _aNew York : | ||
| 260 | _bScholastic, | ||
| 260 | _c2007 | ||
| 300 | _a30 pages : | ||
| 300 | _bcolored illustration ; | ||
| 300 | _c23cm. | ||
| 440 | _aI can read! Reading with help 2. | ||
| 500 | _a690 | ||
| 999 |
_c341755 _d341755 |
||